Fernando Otero [Disco compacto] (Record no. 13596)

MARC details
000 - LÍDER
campo de control de longitud fija 00936nam a2200205Ia 4500
008 - ELEMENTOS DE DATOS DE LONGITUD FIJA - INFORMACIÓN GENERAL
campo de control de longitud fija 0000002007 cl 0000000000spa00
090 ## - NÚMERO DE LLAMADA DE TIPO LC LOCALMENTE ASIGNADO (OCLC)
Número de clasificación (OCLC) (R) PSP02 F27f
245 10 - TÍTULO DECLARACIÓN
Título Fernando Otero [Disco compacto]
Resto del título : pinturas, construcciones, esculturas
260 ## - PUBLICACIÓN, DISTRIBUCIÓN
Lugar de publicación Santiago de Chile : Museo de Arte Contemporáneo
Fecha de publicación 2007
300 ## - DESCRIPCIÓN FÍSICA
Alcance 1 CD ROM bajo Windows
Dimensiones / 12 cm.
500 ## - NOTA GENERAL
Nota general Incluye Texto acompañante bajo el título: Fernando Otero. Consultarlo bajo clasificación: PSP00 F27f1 \ Documentos en formato PPT y DOC \ Incluye cronología del artista
600 00 - ENTRADA DE SUJETO AÑADIDO - NOMBRE PERSONAL
Nombre de la persona OTERO, FERNANDO, 1972/
Subdivisión general TRABAJOS PICTORICOS
650 14 - ENTRADA DE SUJETO AÑADIDO - TÉRMINO TÓPICO
Término tópico o elemento de entrada del nombre geográfico ARTE CONTEMPORANEO ESPAÑOL CDROM
650 14 - ENTRADA DE SUJETO AÑADIDO - TÉRMINO TÓPICO
Término tópico o elemento de entrada del nombre geográfico ARTISTAS PLASTICOS ESPAÑOLES CDROM
650 14 - ENTRADA DE SUJETO AÑADIDO - TÉRMINO TÓPICO
Término tópico o elemento de entrada del nombre geográfico PINTORES ESPAÑOLES CDROM
650 14 - ENTRADA DE SUJETO AÑADIDO - TÉRMINO TÓPICO
Término tópico o elemento de entrada del nombre geográfico PINTURA (TECNICA MIXTA) CDROM
650 14 - ENTRADA DE SUJETO AÑADIDO - TÉRMINO TÓPICO
Término tópico o elemento de entrada del nombre geográfico PINTURA ABSTRACTA CDROM
650 14 - ENTRADA DE SUJETO AÑADIDO - TÉRMINO TÓPICO
Término tópico o elemento de entrada del nombre geográfico PINTURA ACRILICA (ARTE) CDROM
650 14 - ENTRADA DE SUJETO AÑADIDO - TÉRMINO TÓPICO
Término tópico o elemento de entrada del nombre geográfico PINTURA ESPAÑOLA CDROM
Holdings
Estado de retirada Pérdida de estatus Estado dañado No para préstamo Código de recogida Ubicación permanente Ubicación actual Ubicación de las estanterías Fecha de adquisición Número de llamada completo Código de barras Fecha de la última vez que se vio Número de copia Precio efectivo desde Tipo de artículo Koha
        General ArtNexus ArtNexus General 06/09/2022 P-SP-02 F27F 13771 06/09/2022 Ej.1 06/09/2022 Libro

Powered by Koha